000 00762nam a22001937a 4500
999 _c13421
_d13421
008 190312b ||||| |||| 00| 0 eng d
020 _a9781443882316
082 _22015
_aAV-Eb 822.9109941
_bG589
100 _aGonzalez , Madelena.
_937543
245 _aAesthetics and Ideology in Contemporary Literature and Drama /
_cedited by Madelena Gonzalez and René Agostini.
260 _bCambridge Scholars Publishing,
_c©2015.
300 _a363 pages;
500 _aIncludes index.
650 _aIreland--Intellectual life--20th century.
_937544
700 _aGonzalez, Madelena editor.
_937545
700 _aAgostini, René editor.
_937546
856 _yhttps://ebookcentral.proquest.com/lib/uniofmindanao-ebooks/detail.action?docID=4534765
942 _2ddc
_cEB